Statistiques concernant Les 10 plus petits pays d'Asie

Cliquez ici pour prendre le quiz!

Statistiques générales

  • Ce quiz a été pris 1 174 fois
  • Le résultat moyen est 10 sur 14

Statistiques - réponses

Pays d'Asie% Correct
Singapour
88%
Qatar
86%
Brunei
83%
Koweït
80%
Bahreïn
79%
Israël
77%
Liban
75%
Timor Oriental
73%
Arménie
69%
Maldives
69%
Bhoutan
66%
Géorgie
65%
Chypre
59%
Mongolie
45%

Distribution des résultats

Percentile par nombre de réponses

% des personnes avec chaque résultat

Votre développement - résultats

Vous n’avez pas pris ce quiz